000 00416nam a2200145 4500
999 _c3849
_d3849
008 200703b ||||| |||| 00| 0 eng d
082 0 0 _a623.8886
_bR2886
100 _9642
_aReanney, Edward Webster
245 1 0 _aFire fighting on ships /
_cby Edward Webster Reanney
250 _a4th ed.
260 _aGlasgow
_bFerguson
_c1969
300 _axi, 168 p.
650 0 _aShips-- Fires and Fire Prevention
942 _2ddc
_cBK